| 000 | 00448nam a2200157Ia 4500 | ||
|---|---|---|---|
| 003 | Ost | ||
| 005 | 20260507075658.0 | ||
| 008 | 260507s9999||||xx |||||||||||||| ||und|| | ||
| 040 | _cfsecg | ||
| 041 | _aara | ||
| 100 |
_aحسن، راوية _eمؤلف |
||
| 245 | 0 |
_aالسلوك في المنظمات / _c راوية حسن |
|
| 260 |
_aالاسكندرية: _bالدار الجامعية, _c2001 |
||
| 300 | _a409 صفحة؛ | ||
| 942 | _cكتاب | ||
| 999 |
_c45753 _d45753 |
||